1164 1173 1556 1133 1333 1508 1752 1367 1033 1604 1115 1352 1452 1103 1696 1082 1618 1151 1893 1293 1359 1640 1176 1727 1813 1220 1076 1555 1544 1709 1461 1099 1046 1253 1536 1165 1347 1006 1811 1734 1064 1551 1527 1669 1763 1309 1168 1304 1661 1154 1103 1092 1123 1975 1832 1558 1662 1036 1214 1258 1083 1201 1977 1467 1062 1835 1941 1616 1025 2000 1298 1753 1667 1148 1495 1858 1976 1831 1565 1590 1920 1793 1351 1925 2000 1232 1482 1258 1775 1028 1814 1849 1946 1741 1978 1138 1755 1758 1340 BCNSPRNW ULIB Ver.6.0+V

เปลี่ยนเป็นภาษาไทย

Change to English
 แสดงรายละเอียดบรรณานุกรม
  กลับหน้าหลัก

Brief Record : Get Marc (ISO 2709) : E-mail record : QR code < ปิดหน้าต่าง
LEADER : 00000nam 2200000uu 4500
001    13399121217
003     ULIB
008    121109s2546||||th 000 0 tha d
020    ^a9749007336
041 1  ^atha^heng
050 04 ^aPE1130^bK111ว 2546
100 0  ^aเคลลี, เจอรัลด์
245 10 ^aวิธีสอนการออกเสียง = How to teach pronunciation /^cGerald Kelly, เขียน ; Jeremy Harmer, บรรณาธิการชุดภาษาอังกฤษ ;รัชนีโรจน์ กุลธำรง, แปลและเรียบเรียง ; พงษ์ศรี เลขะวัฒนะ, บรรณาธิการชุดภาษาไทย
250    ^aพิมพ์ครั้งที่ 1
260    ^aกรุงเทพฯ :^bบริษัท เพียร์สัน เอ็ดดูเคชั่น อินโดไชน่า,^c2546
300    ^aviii, 191 หน้า :^bภาพประกอบ ;^c25 ซม. +^eซีดี-รอม 1 แผ่น (4 3/4 นิ้ว)
650  7 ^aภาษาอังกฤษ^xการออกเสียง^xการศึกษาและการสอน
650  7 ^aภาษาอังกฤษ^xสัทศาสตร์
700 0  ^aรัชนีโรจน์ กุลธำรง
700 12 ^aKelly, Gerald.^tHow to teach pronunciation
945    ^p392^l0^i14389
995    ^aกัณชพร
999 ^a กัณชพร
รายการนี้ยังไม่มีแท็ก
คุณยังไม่ได้ล็อกอิน คุณสามารถมีกิจกรรมร่วมกับเว็บไซต์ได้ แต่ต้องล็อกอินก่อน ::
  ล็อกอิน

รายการสื่อสารสนเทศ

ลำดับที่ ประเภท เลขเรียก/บาร์โค้ด สถานที่ สถานะ
1. วิทยาศาสตร์การแพทย์ และสุขภาพ
วิทยาศาสตร์การแพทย์ และสุขภาพ
PE1130 K111ว 2546  
  Barcode: 14389
ห้องสมุดวิทยาเขตสวรรค์ประชารักษ์
►หนังสือทั่วไป
บนชั้น

รายการใกล้เคียง
    ผู้แต่ง [เคลลี, เจอรัลด์]

BibComment


ยังไม่เคยถูกคอมเมนท์

คอมเมนท์ทรัพยากรรายการนี้
  คอมเมนท์: วิธีสอนการออกเสี..


 Copyright 2026. Bcnsprnw @Library